| 000 | 01531nam a22002177a 4500 | ||
|---|---|---|---|
| 999 |
_c57821 _d57821 |
||
| 003 | Ge_BSU | ||
| 005 | 20221221151349.0 | ||
| 008 | 201222s2020 ge ||||| |||| 00| 0 geo d | ||
| 041 | _ageo | ||
| 080 | _a902/904 ტ-20 | ||
| 100 |
_aტაკიძე, რეზო _99941 |
||
| 245 |
_aქობულეთის "ქვეყანა" : _b(ისტორიულ არქეოლოგიური გამოკვლევა) : დისერტაცია / _cრეზო ტაკიძე; სამეცნიერო ხელმძღვანელი ნანა ხახუტაიშვილი; ბსუ. ჰუმანიტარულ მეცნიერებათა ფაკულტეტი; ისტორიის, არქეოლოგიისა და ეთნოლოგიის დეპარტამენტი. |
||
| 264 |
_aბათუმი, _c2020. |
||
| 300 |
_a319 გვ. _bილ. _c30 სმ. |
||
| 653 | _aისტორია | ||
| 653 | _aარქეოლოგია | ||
| 653 | _aდისერტაცია | ||
| 700 |
_aხახუტაიშვილი, ნანა _eსამეცნიერო ხელმძღვანელი _99942 |
||
| 710 |
_aბსუ _bჰუმანიტარულ მეცნიერებათა ფაკულტეტი _eისტორიის, არქეოლოგიისა და ეთნოლოგიის დეპარტამენტი _99943 |
||
| 942 |
_2udc _cDS |
||